000 00641nam a2200169 a 4500
001 000026989
005 20200930030531.0
008 110328s2003 dr ac 000 0 spa d
040 _aDO-SdBNP
_bspa
_cBNPHU
100 1 _aJiménez Olavarrieta, José de Js.
_954090
245 1 0 _aRecuerdo de mi vida y del hospital José María Cabral y Báez /
_cJosé Js. Jiménez Olavarrieta.
250 _a2a ed.
260 _cSantiago de los Caballero, República Dominicana:
_bCentro Gráfico Alfredo,
_c2003
_fEditora Central
300 _a199 p. :
_bil., retrs. ;
_c21 cm.
500 _aIncluye referencias biográficas del autor (p. 9)
049 _aBNPD
999 _c26481
_d26481